| 000 | 01190nam a2200301 i 4500 | ||
|---|---|---|---|
| 003 | EG-ScBUE | ||
| 005 | 20231220093752.0 | ||
| 008 | 170720s1996 ua a f b 000 0 ara d | ||
| 040 |
_aEG-ScBUE _bara _erda _dEG-ScBUE _cEG-ScBUE |
||
| 043 | _af-ua--- | ||
| 082 | 0 | 4 |
_a962.03 _bأ ي و _222 |
| 100 | 1 |
_aأيوبي، إلياس، _d1927-1874، _eمؤلف. |
|
| 245 | 1 | 0 |
_aتاريخ مصر في عهد الخديو إسماعيل باشا من سنة 1863 إلى سنة 1879 / _cلواضعه إلياس الأيوبي. |
| 250 | _aالطبعة الثانية. | ||
| 264 | 1 |
_aالقاهرة : _bمكتبة مدبولي، _c1996. |
|
| 300 |
_a2 مجلد. : _bإيضاحيات ؛ _c24 سم. |
||
| 336 |
_2rdacontent _aنص _btxt |
||
| 337 |
_aبدون وسيط _2rdamedia _bn |
||
| 338 |
_aمجلد _bnc _2rdacarrier |
||
| 490 | 0 |
_aصفحات من تاريخ مصر ؛ _v8 - 9 |
|
| 504 | _aيشتمل على إرجاعات ببليوجرافية. | ||
| 505 | 0 | _aالمجلد الأول -- المجلد الثاني. | |
| 590 | _aسامح | ||
| 651 | 7 |
_aمصر _xتاريخ _yإسماعيل، 1863-1879. _2BUEsh |
|
| 653 |
_bGGEN _bBUSBOL _cJuly2017 |
||
| 655 | _vReading book | ||
| 942 | _2ddc | ||
| 999 |
_c25057 _d25029 |
||